000 00726nam a2200217Ia 4500
003 OSt
005 20260608094800.0
008 210210b1994 xxu||||| |||| 00| 0 eng d
040 _cAL
041 _aKannada
082 _a398.092K PARS
100 _aPARAMASHIVAYYA (G Sham), Ed.
_dಪರಮಶಿವಯ್ಯ (ಜಿ. ಶಂ.)
_9265461
245 _aSimpi Liganna jivana, sadhane
_bಸಿಂಪಿ ಲಿಂಗಣ್ಣ ಜೀವನ, ಸಾಧನೆ.
260 _aBengaluru.
_bKarnataka Janapada mattu Yakshagana Akademi.,
_c1994
300 _a74
650 _aVali Em En
_9265462
690 _aBiography
_9265463
700 _aM N Vali.
_dಎಂ. ಎನ್. ವಾಲಿ.
_9265464
906 _a057761
942 _2ddc
_cBK
999 _c105195
_d105195